000 01071nam0a22002771 4500
001 rc\4512868
005 20130416175407.3
021 _aRU
_b[66-89648]
035 _a(NLR Aleph) 008620276
090 _a8818713
_c8818713
100 _a20130416d1966 |||y0rusy50 ca
101 0 _arus
102 _aRU
105 _aa z |||||
200 1 _aСтроение вещества
_e[Учеб. пособие]
_fМ-во высш. и сред. спец. образования СССР. Моск. ордена Ленина хим.-технол. ин-т им. Д.И. Менделеева
210 _aМосква
_cБ. и.
_d1966
215 _a218 с., 1 л. табл.
_cил.
_d26
320 _aБиблиогр.: с. 215-216 (49 назв.)
606 _aМатерия
_xСтроение
_2psbo
700 1 _aКарапетьянц
_bМ. Х.
_f1914-
_gМихаил Христофорович
701 1 _aДракин
_bС. И.
_gСергей Иванович
801 0 _aRU
_bNLR
_gpsbo
801 1 _aRU
_bELAR
_2rusmarc
852 _aNLR
_j66-7/2296
942 _cBOOK
980 _aNB